Billboard #1 Hits of 2009 - Statistics

General Stats
  • This quiz has been taken 76 times
  • The average score is 9 of 12
Answer Stats
Hint Extra Hint Explanation Answer % Correct
I Gotta Feeling 11 July (14 wks.) Listen on YouTube The Black Eyed Peas
93%
Poker Face 11 April (1 wk.) Listen on YouTube Lady Gaga
92%
Empire State of Mind 28 November (5 wks.) Listen on YouTube Jay-Z featuring Alicia Keys
90%
Boom Boom Pow 18 April (12 wks.) Listen on YouTube The Black Eyed Peas
82%
Right Round 28 February (6 wks.) Listen on YouTube Flo Rida [featuring Ke$ha]
74%
Fireflies 7 November (1 wk.)
21 November (1 wk.)
Listen on YouTube Owl City
74%
My Life Would Suck Without You 7 February (2 wks.) Listen on YouTube Kelly Clarkson
72%
Whatcha Say 14 November (1 wk.) Listen on YouTube Jason Derulo
66%
3 24 October (1 wk.) Listen on YouTube Britney Spears
61%
Crack a Bottle 21 February (1 wk.) Listen on YouTube Eminem featuring Dr. Dre and 50 Cent
52%
Down 17 October (1 wk.)
31 October (1 wk.)
Listen on YouTube Jay Sean featuring Lil Wayne
52%
Just Dance 17 January (3 wks.) Listen on YouTube Lady Gaga featuring Colby O'Donis
44%
No matching quizzes found
Score Distribution
Percent of People with Each Score
Percentile by Number Answered
Your Score History
You have not taken this quiz